000 00666nas a2200229 4500
001 BR9505729
003 BR-BrBNA
005 20231205094443.0
007 ta
008 230509b bl.|||p| |||| 00| 00por d
040 _aBR-BrBNA
_bpor
_cBiblioteca Nacional de Agricultura
041 _a(Pt)
072 _aL73
100 1 _aVailsman, J.
245 1 _aMortalidade de pintos causas e responsabilidade
650 _aPinto
650 _aDoenca Animal
650 _aSalmonelose
773 0 _tChacaras e Quintais. Agricultura e Pecuaria (Brazil)
_x
_g(May 1967), v. 115(5) p. 308-319
_wBR9505729
909 _a202311
_bLúcia
_c55
_dLúcia Elande
942 _2AGRIS
_n0
_cANA
999 _c144423
_d144423